000
00286nam a2200121Ia 4500
005
20251222154330.0
008
251222s9999||||xx |||||||||||||| ||spa||
020
_a
84-206-1613-3
082
_a
868.9/A59
100
_a
"Andújar, Manuel"
245
0
_a
El destino de Lázaro
942
_c
LIB
999
_c
34109
_d
34109